Statistics for Australian Flags with the Union Jack

Click here to take the quiz!

General Stats

  • This quiz has been taken 19 times
  • The average score is 5 of 6

Answer Stats

Answer% Correct
Queensland
95%
New South Wales
89%
South Australia
89%
Victoria
89%
Western Australia
89%
Tasmania
84%

Score Distribution

Percentile by Number Answered

Percent of People with Each Score

Your Score History

You have not taken this quiz